|
|
|
|
| LEADER |
00848cam a2200217 4500 |
| 001 |
c000383157 |
| 003 |
CARM |
| 005 |
00000000000000.0 |
| 008 |
890427s1968 xxua b u000 eng |
| 019 |
1 |
|
|a 23873397
|z 716403
|5 LACONCORD2021
|
| 035 |
|
|
|a (OCoLC)491912
|5 LACONCORD2021
|
| 040 |
|
|
|a NUWS:W
|b eng
|
| 082 |
0 |
4 |
|a 599.95
|2 21
|
| 100 |
1 |
|
|a Cohen, Robert Carl.
|
| 245 |
1 |
4 |
|a The color of man /
|c by Robert Cohen. With an afterword by Juan Comas. Illustrated by Ken Heyman.
|
| 260 |
|
|
|a New York :
|b Random House,
|c [1968]
|
| 300 |
|
|
|a 109 p :
|b illus ;
|c 29 cm.
|
| 650 |
|
0 |
|a Human skin color
|x Juvenile literature.
|
| 852 |
8 |
|
|b CARM
|h A3:AI17E0
|i F07832
|p 0477302
|f BK
|
| 999 |
f |
f |
|i 9db1709b-ea36-5d7e-a791-9d40ad88d3a0
|s 9c192a7b-2b46-50ea-8b75-c5023d6641d2
|
| 952 |
f |
f |
|p Can circulate
|a CAVAL
|b CAVAL
|c CAVAL
|d CARM 1 Store
|e F07832
|f A3:AI17E0
|h Other scheme
|i book
|m 0477302
|